Find the Celebrity's Birthplace Quiz Stats

 Plays Quiz Updated Aug 10, 2016

Score 0/24 Timer 05:00
13 Plays Today
% Correct
Oprah Winfrey, United States of America
91%
Jim Carrey, Canada
84.6%
Yoko Ono, Japan
80.5%
Jet Li, China
79.5%
Maria Sharapova, Russia
79.5%
Stephen Hawking, United Kingdom
74.7%
Raúl Castro, Cuba
70.7%
Charlize Theron, South Africa
65.3%
M. Night Shyamalan, India
65%
Pope Francis, Argentina
63.4%
Psy, South Korea
62.7%
Gisele Bündchen, Brazil
59%
% Correct
Penélope Cruz, Spain
57.9%
Shakira, Colombia
50.9%
Cate Blanchett, Australia
49.5%
Mila Kunis, Ukraine
44%
Omar Sharif, Egypt
39.8%
Emma Watson, France
38.1%
Bruce Willis, Germany
28.5%
Amy Adams, Italy
16.8%
Mo Farah, Somalia
13.3%
Lupita Nyong'o, Mexico
11.5%
Isla Fisher, Oman
8.4%
Hugo Weaving, Nigeria
6.3%

You're not logged in!

Compare scores with friends on all Sporcle quizzes.
OR
Log In

You Might Also Like...

Show Comments

Extras

Top Quizzes Today


Score Distribution

Your Account Isn't Verified!

In order to create a playlist on Sporcle, you need to verify the email address you used during registration. Go to your Sporcle Settings to finish the process.

Report this User

Report this user for behavior that violates our Community Guidelines.

Details: